Vigila amb el sol, solet!
Descripción Física:
1 díptic; il. col. ; 10 x 21 cm
Idioma:
Catalán
MARC
| LEADER | 00000nam a22000007a 4500 | ||
|---|---|---|---|
| 001 | 25054 | ||
| 008 | 211129b spa||||| |||| 00| 0 cat d | ||
| 017 | |a B 10420-2018 | ||
| 080 | |a FU-67-101 | ||
| 245 | |a Vigila amb el sol, solet! | ||
| 260 | |a Barcelona : |b Diputació de Barcelona. Servei de Salut Pública ; |c 2018 | ||
| 300 | |a 1 díptic; |b il. col. ; |c 10 x 21 cm | ||
| 650 | 0 | |a Salut pública |9 37111 | |
| 650 | 0 | |9 52427 |a Temperatures altes |x Aspectes sanitaris | |
| 650 | 0 | |9 52426 |a Pell |x Protecció | |
| 710 | |a Barcelona (Catalunya : Província). |b Servei de Salut Pública |9 52202 | ||
| 942 | |2 udc |c ARXIU |n 1 | ||
| 952 | |0 0 |1 0 |2 udc |4 0 |6 FU67101 |7 1 |9 60872 |a Arxiu |b Arxiu |d 2021-11-29 |l 0 |o FU-67-101 |p 25054 |r 2021-11-29 00:00:00 |w 2021-11-29 |y ARXIU | ||
| 952 | |0 0 |1 0 |2 udc |4 0 |6 FU7330 |7 1 |9 64218 |a Arxiu |b Arxiu |d 2022-11-16 |l 0 |o FU-73-30 |p 26932 |r 2022-11-16 00:00:00 |w 2022-11-16 |y ARXIU | ||
| 952 | |0 0 |1 0 |2 udc |4 0 |6 PDL |7 1 |9 64219 |a Arxiu |b Arxiu |d 2022-11-16 |l 0 |o PDL |p 26933 |r 2022-11-16 00:00:00 |w 2022-11-16 |y ARXIU | ||
| 999 | |c 80998 |d 80998 | ||